01150nam a2200157 a 4500008004100000020001500041041000800056100002200064245005800086250002700144260004400171300001100215500011400226505063300340655001900973180918s2004 ag ||||g||||| 00| 0|spa d a9871106351 aspa1 aCortázar, Julio aHistorias de cronopios y de famas /cJulio Cortázar a1ra ed. 1a reimpresion aBuenos Aires:bPunto de Lectura;c2004. a165 p. aCortázar, J. (2004). Historias de cronopios y de famas. (1a ed.). Buenos Aires : Suma de Letras Argentinas. aHistorias de cronopios y de famas es uno de los libros legendarios de Julio Cortázar. Postulación de una mirada poética capaz de enfrentar las miserias de la rutina y del sentido común, el escritor argentino toma aquí partido por la imaginación creadora y el humor corrosivo de los surrealistas. Esta colección de cuentos y viñetas entrañables es una introducción privilegiada al mundo inagotable de unos de los mas grandes escritores de este siglo y un antídoto seguro contra la solemnidad y el aburrimiento. Sin duda, Cortázar sella un pacto de complicidad definitiva e incondicional con sus lectores.  acuentos cortos